Lávka s drevenou nosnou konštrukciou

Enregistré dans:
Détails bibliographiques
Auteur principal: Stacho, Pavol (Auteur)
Autres auteurs: Sógel, Kristián (Directeur de thèse)
Format: Manuscrit Livre
Langue:slovaque
Publié: 2017
Sujets:
Accès en ligne:http://is.stuba.sk/zp/portal_zp.pl?podrobnosti=126022
https://opac.crzp.sk/?fn=detailBiblioForm&sid=CBCDB6E5622FB9C0D15A4428BE80
Tags: Ajouter un tag
Pas de tags, Soyez le premier à ajouter un tag!

MARC

LEADER 00000ntm a22000003a 4500
001 stuzp63210
003 SK-STU
005 20230818105319.9
007 ta
008 150427s2015----xo-----f-mn---000-0-slo-d
040 |a STU  |b slo 
041 0 |a slo 
100 1 |a Stacho, Pavol  |u 010190  |4 aut  |U SvF Stavebná fakulta  |T SvF Katedra kovových a drevených konštrukcií  |X 9939  |U V190  |Y 21  |7 9939 
242 0 1 |a A footbridge with a wooden load-bearing structure  |y eng 
245 1 0 |a Lávka s drevenou nosnou konštrukciou 
260 |c 2017 
650 4 |a drevená lávka  |2 slo 
650 4 |a oblúková lávka  |2 slo 
650 4 |a zavesený most  |2 slo 
650 4 |a zaťaženie  |2 slo 
650 4 |a wooden bridge  |2 eng 
650 4 |a arched bridge  |2 eng 
650 4 |a suspended bridge  |2 eng 
650 4 |a load  |2 eng 
700 1 |a Sógel, Kristián  |u 010190  |k Z1  |4 ths  |U SvF Stavebná fakulta  |T SvF Katedra kovových a drevených konštrukcií  |X 4683  |U V190  |Y 21  |7 A000004683 
856 4 |u http://is.stuba.sk/zp/portal_zp.pl?podrobnosti=126022 
856 4 |u https://opac.crzp.sk/?fn=detailBiblioForm&sid=CBCDB6E5622FB9C0D15A4428BE80